000 00268nam a2200109Ia 4500
001 587507
005 20250717113817.0
008 250717s9999 xx 000 0 und d
245 0 _aX-10 GARİP AMA GERÇEK 2
_cKOMİSYON
260 _bBETA YAYINLARI
_c2020
300 _b216
999 _c587507
_d587507